Générique Corneil et Bernie - Paroles - Statistiques

Statistiques générales
  • Ce quiz a été pris 2 281 fois
  • Le résultat moyen est 14 sur 17
Statistiques - réponses
Paroles % Correct
Corneil et {Bernie} !!
100%
Voici mon {histoire}
98%
L'histoire de {Corneil} et Bernie...
97%
Et Corneil, pas si {fort} !
88%
La belle vie c'est {fini} !
88%
T'as intérêt à faire à faire tout ce que je {dis} !
88%
Et je joue {Mozart} !
87%
Si un jour on apprend que tu {parles}
87%
Je sais ce que je {fais} Bernie
82%
Si tu ne veux pas que ça {se} {sache}
82%
Car je suis un {génie}
78%
On est trop {fort}...
76%
Bernie, j'ai {compris} !
71%
L'histoire... Aïe ! {Ouille} !
69%
Je parle, j'écris, je lis {Shakespeare}
66%
Attention ! {Voici} Corneil et Bernie
65%
Attention ! C'est {nous} Corneil et Bernie
61%
Aucun quiz correspondant
Distribution des résultats
% des personnes avec chaque résultat
Percentile par nombre de réponses
Votre historique - résultats
Vous n’avez pas pris ce quiz